000 01134nam a2200229Ia 4500
003 Ost
005 20260507075006.0
008 260507s9999||||xx |||||||||||||| ||und||
040 _cfsecg
041 _aara
082 _a658.5
100 _aالمصري، احمد محمد
_eمؤلف
245 0 _aإدارة الانتاج والعلاقات الصناعية /
_c احمد محمد المصري
260 _aالاسكندرية:
_bمؤسسة شباب الجامعة,
_c2008
300 _a250 صفحة؛
_c24 سم
504 _aمراجع ص.247
520 _aفي هذا الكتاب إدارة الإنتاج و العلاقات الصناعية، المفهوم العام للإنتاج والتوطن الصناعي، وظيفة الانتاج و تنظيمها، سياسات الانتاج ،الارض و مباني المصنع ، دراسة المواد ودراسة الالات و التجهيزات، دراسة عنصر العمل و العلاقات الصناعية
653 _aادارة الانتاج
653 _aضبط الانتاج
653 _aعلاقات صناعية
942 _cكتاب
999 _c42119
_d42119